Exercising the right to buy (Record no. 76568)

MARC details
000 -LEADER
fixed length control field 01065cab a2200241 4500
001 - CONTROL NUMBER
control field ##L132700
008 - FIXED-LENGTH DATA ELEMENTS--GENERAL INFORMATION
fixed length control field 060301n2006 000 0 eng u
035 ## - SYSTEM CONTROL NUMBER
System control number (Sirsi) u132700
041 0# - LANGUAGE CODE
Language code of text/sound track or separate title eng
100 1# - MAIN ENTRY--PERSONAL NAME
Personal name De Souza, Jeremy
245 00 - TITLE STATEMENT
Title Exercising the right to buy
260 ## - PUBLICATION, DISTRIBUTION, ETC.
Date of publication, distribution, etc. 2006
490 #0 - SERIES STATEMENT
Series statement Taxation
Volume/sequential designation 156(4046) 23 February 2006, 534-536(3)
520 ## - SUMMARY, ETC.
Summary, etc. During the Thatcher era it was introduced that council tenants could purchase their properties at a discount to open market value, the amount of money involved depending on the length of time they had lived there. This article examines the tax implications when council tenants exercise their right to buy, with supported examples of legal cases.
590 ## - LOCAL NOTE (RLIN)
Local note IKA140306
650 24 - SUBJECT ADDED ENTRY--TOPICAL TERM
Topical term or geographic name entry element HOUSING ACT 1985
650 24 - SUBJECT ADDED ENTRY--TOPICAL TERM
Topical term or geographic name entry element ALEXANDER V CIR [1991] STC 112
650 24 - SUBJECT ADDED ENTRY--TOPICAL TERM
Topical term or geographic name entry element CROSSLEY V CROSSLEY [2005]
650 24 - SUBJECT ADDED ENTRY--TOPICAL TERM
Topical term or geographic name entry element JIGGINS V BRISLEY [2003]
650 24 - SUBJECT ADDED ENTRY--TOPICAL TERM
Topical term or geographic name entry element BARCLAYS MERCANTILE BUSINESS FINANCE LTD V MAWSON [2005]
690 ## - LOCAL SUBJECT ADDED ENTRY--TOPICAL TERM (OCLC, RLIN)
Topical term or geographic name as entry element PROPERTY-RESIDENTIAL PROPERTY-RESIDENTIAL PROPERTY TAXATION
942 ## - ADDED ENTRY ELEMENTS (KOHA)
Suppress in OPAC 0
Holdings
Withdrawn status Lost status Source of classification or shelving scheme Damaged status Not for loan Home library Current library Shelving location Date acquired Total Checkouts Full call number Barcode Date last seen Copy number Price effective from Koha item type
    Dewey Decimal Classification     London London Journal article 01/03/2006   L132700 132700-1001 06/08/2019 1 06/08/2019 Journal article